| 000 | 00471nam a2200169 a 4500 | ||
|---|---|---|---|
| 001 | 1144 | ||
| 005 | 20140414131904.0 | ||
| 008 | 041022s19uu xx 00 eng d | ||
| 020 | _a0-439-08762-7 | ||
| 050 |
_aFIC _bV19 1998 |
||
| 100 | _aVail, Rachel | ||
| 245 |
_aThe Frienship ring CJ-please, please, please / _cRachel Vail. |
||
| 260 |
_aNew York : _bAn Apple Paperback/Scholastic, _c1998. |
||
| 300 | _a170 p. : ill. ; cm. | ||
| 650 | _aFiction. | ||
| 999 |
_c110837 _d110837 |
||